000 00652nam a22001937a 4500
005 20250328054714.0
008 250328b |||||||| |||| 00| 0 eng d
020 _a9781484293331
040 _cAIMIT LIBRARY
082 _21
_a005.74
_bHODB
100 _aHodel, Brian.
_9207068
245 _aBeginning microsoft dataverse :
_bexploiting microsofts low code database for the power platform /
_cBy Brian Hodel.
250 _a1
260 _aNew York :
_bApress ;
_c2023.
300 _axiv,229p. ;
_bPB
_c25 cm.
650 _aBusiness logic layer
_9207069
650 _aIntegration with third party tools
_9207070
942 _2ddc
_cBK
_e1st ed.
_k005.74 HODB
999 _c234032
_d234032